The noble gases.

Bibliographic Details
Main Author: Asimov, Isaac, 1920-1992
Format: Book
Language:English
Published: New York : Basic Books, [1966]
Series:Science & discovery.
Subjects:

MARC

Tag First Indicator Second Indicator Subfields
LEADER 00000cam a22000001 4500
001 in00000043224
005 20151007070924.0
008 711012s1966 nyu 00000 eng
010 |a  66013510  
035 |a (OCoLC)00544079 
035 |9 AAE4966AM 
040 |a DLC  |c DLC  |d TXA  |d UtOrBLW 
049 |a TXAM  |c [473531] 
050 0 0 |a QD162  |b .A8 
082 0 |a 546.75 
092 |a 546.75  |b A832n, 1966 
100 1 |a Asimov, Isaac,  |d 1920-1992. 
245 1 4 |a The noble gases. 
264 1 |a New York :  |b Basic Books,  |c [1966] 
300 |a x, 171 pages ;  |c 22 cm. 
336 |a text  |b txt  |2 rdacontent 
337 |a unmediated  |b n  |2 rdamedia 
338 |a volume  |b nc  |2 rdacarrier 
490 1 |a Science and discovery 
650 0 |a Gases, Rare. 
830 0 |a Science & discovery. 
999 |a MARS 
999 f f |s 946c817c-ce97-3df8-9b0e-57fa800e72c5  |i a5a44166-78ad-38cb-a8cf-a7e3de4547d1  |t 0 
952 f f |p ric  |a Texas A&M University  |b Rellis Campus  |c Joint Library Facility  |d Remote Storage  |t 0  |e QD162 .A8  |h Library of Congress classification  |i unmediated -- volume  |m A14800942437 
998 f f |a QD162 .A8  |t 0  |l Remote Storage